00918nam a22002657a 45000010005000000030006000050050017000110080041000280200017000690400030000860500015001160820011001311000020001422450086001622600052002483000049003004900025003495050008003745200156003825210020005385210020005586000022005786500020006007000032006203420FISKH20250605085015.0240304b cb ||||| |||| 00| 0 eng d a708431390270 aFISKH bengcFISKHdFISKH aPZ7.C88135 a813.54 aCronin, Doreen  aClick, clack, moo : bCows that type /cby Doreen Cronin ; picture by Betsy Lewin aCalifornia : bLeapFrog Enterprise Inc, c2007. a29 pages : bcolor illustrations ;c25 cm .  a A Click, Clack Book aJ  aWhen Farmer Brown's cows find a typewriter in the barn they start making demands, and go on strike when the farmer refuses to give them what they want.8 a470 bLexile 8 aJ bRaz-Plus  2animals vFiction acows vFiction  aLewin, Betsy eillustrator